| Tag |
First Indicator |
Second Indicator |
Subfields |
| LEADER |
00000nam a2200000 a 4500 |
| 001 |
in00004753713 |
| 006 |
m|||||o||d|||||||| |
| 007 |
cr ||||||||||| |
| 008 |
121017s2010 caua fo| 001|0|eng|d |
| 005 |
20231120173400.1 |
| 020 |
|
|
|a 9781446269305 (ebook) :
|c No price
|
| 035 |
|
|
|a (OCoLC)787852231
|
| 035 |
|
|
|a (StDuBDS)EDZ0000104873
|
| 040 |
|
|
|a StDuBDS
|b eng
|c StDuBDS
|e pn
|
| 050 |
|
0 |
|a BF723.E6
|b B78 2010
|
| 082 |
0 |
4 |
|a 372.820440941
|2 23
|
| 100 |
1 |
|
|a Bruce, Christine.
|
| 245 |
1 |
0 |
|a Emotional literacy in the early years /
|c Christine Bruce.
|
| 260 |
|
|
|a Los Angeles, [Calif.] ;
|a London :
|b SAGE,
|c 2010.
|
| 300 |
|
|
|a 1 online resource (viii, 108 pages) :
|b illustrations.
|
| 336 |
|
|
|a text
|b txt
|2 rdacontent
|
| 337 |
|
|
|a computer
|b c
|2 rdamedia
|
| 338 |
|
|
|a online resource
|b cr
|2 rdacarrier
|
| 520 |
8 |
|
|a Emotional literacy and health and wellbeing have been placed at the heart of good practice by the Every Child Matters (ECM) agenda and the Early Years Foundation Stage (EYFS) in England and the Curriculum for Excellence in Scotland. This text provides guidance and practical strategies for how to implement this ethos in your setting.
|
| 521 |
|
|
|a Specialized.
|
| 588 |
|
|
|a Description based on print version record.
|
| 504 |
|
|
|a Includes bibliographical references and index.
|
| 650 |
|
0 |
|a Emotional intelligence
|x Study and teaching (Elementary)
|z Great Britain.
|
| 650 |
|
0 |
|a Social skills
|x Study and teaching (Elementary)
|z Great Britain.
|
| 655 |
|
7 |
|a Electronic books.
|2 local
|
| 710 |
2 |
|
|a Sage Publications.
|
| 776 |
0 |
8 |
|i Print version :
|z 9781849206037
|
| 856 |
4 |
0 |
|u http://proxy.library.tamu.edu/login?url=https://sk.sagepub.com/books/emotional-literacy-in-the-early-years
|z Connect to the full text of this electronic book
|t 0
|
| 955 |
|
|
|a SAGE Knowledge
|
| 999 |
f |
f |
|s a33c7231-77a0-4dff-9c16-945e169cdd65
|i 3278fffa-3a81-4185-bb4b-c07f5e47f621
|t 0
|
| 952 |
f |
f |
|a Texas A&M University
|b College Station
|c Electronic Resources
|d Available Online
|t 0
|e BF723.E6 B78 2010
|h Library of Congress classification
|
| 998 |
f |
f |
|a BF723.E6 B78 2010
|t 0
|l Available Online
|